Deutschland nach Buchstabe - B - Statistiken

Allgemein
  • Dieses Quiz wurde 162 mal gespielt
  • Das Durchschnittsergebnis liegt bei 13 aus 15
Antwortstatistiken
Frage Antwort % Korrekt
Wie heißt die Hauptstadt Deutschlands? Berlin
100%
Wie heißt das flächengrößte Bundesland Deutschlands? Bayern
99%
Welches Bundesland umgibt Berlin? Brandenburg
98%
Aus welcher Stadt kommt der Traditions-Fußballverein "Werder"? Bremen
97%
Bei welcher Wahl erreichte die CDU/CSU 2025 28,5%? Bundestagswahl
96%
Wie heißt die Armee Deutschlands? Bundeswehr
96%
Welchen Namenszusatz trägt der jeweils größte Fußballverein aus Dortmund und Mönchengladbach? Borussia
95%
Die deutschen Versionen von welchem Lebensmittel heißen Bauern-, Roggen- oder Weizenmisch- ? Brot
95%
An welchem Gewässer liegen Lindau, Konstanz und Friedrichshafen? Bodensee
88%
Welche Rolle hatten Karl Carstens, Richard von Weizsäcker und Johannes Rau inne? Bundespräsident
85%
Wer war von 1862 bis 1890 Ministerpräsident von Preußen? Bismarck
80%
Wie heißt die deutsche Ausstellung zum Gartenbau? Bundesgartenschau
71%
Wie heißt die Vertretung der Landesregierung auf Bundesebene? Bundesrat
66%
Von welchem Organ mit Sitz in Karlsruhe ist Stephan Harbarth Präsident? Bundesverfassungsgericht
65%
In welchem bayerisch-tschechischem Mittelgebirge befindet sich der Große Arber? Bayerischer Wald
41%
Keine übereinstimmenden Quizze gefunden
Verteilung der Resultate
Anzahl Personen mit jedem Resultat
Perzentil nach korrekt beantworteten Fragen
Ihre Resultats-Entwicklung
Sie haben dieses Quiz noch nicht gespielt